000
00322nam a2200109Ia 4500
008
171211s9999 xx 000 0 und d
245
_a
Byzantine Hermeneutics and Pedagogy in the Russian North
245
_c
Robert Romanchuk
260
_c
2007
650
_x
Religion
856
_u
http://down.ebook777.com/063/080209063X.pdf
999
_c
350458
_d
350458